000
00470nam a2200157Ia 4500
008
100122s9999 xx 000 0 und d
082
_b
57484
_a
BM821
100
_a
भावे अनंत
245
_a
गरा गरा गरा गरा
250
_a
0
260
_b
राजहंस प्रकाशन
_c
2000
300
_a
24
630
_a
गरा गरा गरा गरा
730
_a
गरा गरा गरा गरा
942
_c
BOOK
999
_c
433673
_d
433670